| 000 | 00728nam a22002297a 4500 | ||
|---|---|---|---|
| 003 | OSt | ||
| 005 | 20240223101950.0 | ||
| 008 | 170322t xxu||||| |||| 00| 0 eng d | ||
| 020 | _a9781845432249 | ||
| 040 | _c0 | ||
| 082 |
_a747.4 _bCAL |
||
| 100 | 1 |
_aCallery, Emma _9121203 |
|
| 245 | 1 | 0 |
_a1001 ideas for floors : _bflooring solutions for every room. _cEmma Callery |
| 246 | 1 | 0 | _aOne thousand and one ideas for floors |
| 260 |
_aLondon, _bApple prees, _c2008. |
||
| 300 |
_a240 p.: _bill; _c2008. |
||
| 650 |
_aFloor coverings _945758 |
||
| 650 |
_aFlooring _9121204 |
||
| 650 |
_aInterior decoration _98917 |
||
| 942 |
_2ddc _cREF |
||
| 999 |
_c608068 _d608068 |
||